Autorský zákon Zmeny zákona od 1. augusta 2000

Zákonom NR SR č. 234/2000 Z.z. bola dňa 20. júna 2000 prijatá novela zákona č. 383/1997 Z.z. Autorský zákon a zákon, ktorým sa mení a dopĺňa Colný zákon v znení neskorších predpisov a zákon, ktorým sa mení a dopĺňa zákon 283/1997 Z.z. o kolektívnej správe práv podľa Autorského zákona a o zmene a dop...

Ausführliche Beschreibung

Gespeichert in:
Bibliographische Detailangaben
1. Verfasser: Gregušová, Daniela
Format: Buchkapitel
Sprache:Slowakisch
Schlagworte:
Tags: Tag hinzufügen
Keine Tags, Fügen Sie das erste Tag hinzu!

MARC

LEADER 00000naa a2200000 4500
001 r039607
005 20230911132347.0
041 0 |a slo 
044 |a SK 
245 1 0 |a Autorský zákon  |b Zmeny zákona od 1. augusta 2000  |c Daniela Gregušová 
520 |a Zákonom NR SR č. 234/2000 Z.z. bola dňa 20. júna 2000 prijatá novela zákona č. 383/1997 Z.z. Autorský zákon a zákon, ktorým sa mení a dopĺňa Colný zákon v znení neskorších predpisov a zákon, ktorým sa mení a dopĺňa zákon 283/1997 Z.z. o kolektívnej správe práv podľa Autorského zákona a o zmene a doplnení niektorých zákonov. Uvedený zákon nadobudol účinnosť 1. augusta 2000. 
610 2 0 |a právo autorské 
610 2 0 |a právo colné 
610 2 0 |a správa colná 
610 2 0 |a ochrana colná 
610 2 0 |a ochrana autorstva 
610 2 0 |a zákony 
610 2 0 |a novelizácia 
610 2 0 |a Slovensko 
100 1 |a Gregušová, Daniela